000 00650nam a2200193 4500
001 113229
003 ES-MaACL
005 20230906185814.0
007 t|
008 061121s1971 sp r ||||1| spa d
100 1 _aNimkoff, Meyer F.
_985746
245 1 0 _aEjercicios de Sociología
_b: manual adaptado a la Sociología de Ogburn y Nimkoff /
_cMeyer F. Nimkoff, Paul B. Foreman ; traducción de Josefina Culebras Abril.
250 _a1ª. ed.
260 _aMadrid :
_bAguilar,
_c1971.
300 _a171 p. ;
_c24 cm.
700 1 _aForeman, Paul B.
_951721
700 1 _aCulebras Abril, Josefina.
_942130
852 _aES-MaACL
_jC-40978
_bR.80250
999 _c113229
_d113229